Karnataka civil services rules : along with allied rules (Record no. 210913)

MARC details
000 -LEADER
fixed length control field 00463nam a2200157Ia 4500
008 - FIXED-LENGTH DATA ELEMENTS--GENERAL INFORMATION
fixed length control field 231221s9999 xx 000 0 und d
041 ## - LANGUAGE CODE
Language code of text/sound track or separate title English
082 ## - DEWEY DECIMAL CLASSIFICATION NUMBER
Classification number 342.06 PUL;1 R
100 ## - MAIN ENTRY--PERSONAL NAME
Personal name Puliani, Sathpal ed. Puliani, Vinayak.
245 #0 - TITLE STATEMENT
Title Karnataka civil services rules : along with allied rules
250 ## - EDITION STATEMENT
Edition statement 3rd ed.
260 ## - PUBLICATION, DISTRIBUTION, ETC.
Name of publisher, distributor, etc. KLJ Publishers
Place of publication, distribution, etc. Bangalore
300 ## - PHYSICAL DESCRIPTION
Extent xvi, 636
650 ## - SUBJECT ADDED ENTRY--TOPICAL TERM
Topical term or geographic name entry element Karnataka,civil,rules,along,allied,rules
942 ## - ADDED ENTRY ELEMENTS (KOHA)
Koha item type Education Library
Holdings
Date last seen Total checkouts Full call number Accession number Uniform resource identifier Cost, total (INR) price Price effective from Category Lost status Damaged status Department Withdrawn status Home library Current library Shelving location Entry date Vendor Cost, normal purchase price Grants Billnumber Billdate Currency symbol Conversion rate Discount Old discount
26/01/2024   342.06 PUL;1 R ED2579 digital/contents/ED2579.pdf 552.50 26/01/2024 Education Library         Central Library Central Library     Sapna Book House 650.00 EDU SBH/CRB/063112 05/05/2014 RS 1 97.5 15
26/01/2024     ED2580   552.50 26/01/2024 Education Library     Central Library   Central Library Central Library Central Library   Sapna Book House 650.00 EDU SBH/CRB/063112 05/05/2014 RS 1 97.5 15

© For any Suggestions or Query, please contact the library staff @ librarian@pes.edu or Phone: +9180 2672 1983/ 2108.